| 000 | 00640nam a2200253Ia 4500 | ||
|---|---|---|---|
| 001 | 4018 | ||
| 005 | 20240113233707.0 | ||
| 007 | ta | ||
| 008 | 050607s1994 a g b000 u hin u | ||
| 020 | _cPB | ||
| 040 | _aSKB Lib Assam | ||
| 041 | _ahin | ||
| 082 |
_a891.43928 _bSi 61 Ra |
||
| 100 | _aSingh, Kanheya . | ||
| 245 | 0 |
_aRahul sankritayan / _cKanheya Singh. _hTextual Documents |
|
| 250 | _a1st ed / | ||
| 260 |
_aKanpur : _bAtul Prakashan , _c1994. |
||
| 300 |
_a169p. : _bill. ; _c21cm. . |
||
| 653 | _aBiography - Rahul sankritayan | ||
| 942 |
_2ddc _cBK |
||
| 999 |
_c4006 _d4006 |
||